| 000 | 00594nam a2200193 i 4500 | ||
|---|---|---|---|
| 001 | 84185 | ||
| 003 | ES-MaACL | ||
| 005 | 20231204183645.0 | ||
| 007 | t| | ||
| 008 | 041122s1967 sp ||||1| spa d | ||
| 100 | 1 |
_aJay, Antony. _966215 |
|
| 245 | 1 | 3 |
_aLa dirección de empresas y Maquiavelo / _cAntony Jay ; [traducción, Rafael Vázquez Zamora]. |
| 250 | _a[1ª ed.]. | ||
| 260 |
_a[Barcelona] : _bDestino, _c[1967] |
||
| 300 |
_a228 p. ; _c22 cm. |
||
| 700 | 1 |
_aVázquez Zamora, Rafael, _d1911-1972 _9113498 |
|
| 852 |
_aES-MaACL _jC-43772 _bR.82688 |
||
| 999 |
_c84185 _d84185 |
||